000 005950000a22001810004500
003 MACL
005 20160526150236.0
008 160526b xxu||||| |||| 00| 0 eng d
040 _aMACL
_cMACL
041 _aHindi
082 _a891.432 DAS
100 _aदास, मंजुला
_959121
245 _aसपने, सच भी होते हैं
_cमुजुला दास
260 _bप्रेस एण्‍ड पब्लिकेशन्‍स
_c2004
_aनई दिल्‍ली
350 _a125
650 _aNovel
_959818
942 _cHIN
_k891.433/DAS/N
_2ddc
999 _c18929
_d18929